Call to the south : a story of British whaling in Antarctica /

Saved in:
Bibliographic Details
Main Author: McLaughlin, W. R. D. (William R. D.)
Format: Book
Language:English
Published: London : Harrap, 1962.
Subjects:
LEADER 00820nam a2200217 i 4500
001 c000308574
003 CARM
005 00000000000000.0
008 840809s1962 enkf 001 0 eng d
019 1 |a 5202508  |z 23360026  |5 LACONCORD2021 
035 |a (OCoLC)2409142  |5 LACONCORD2021 
082 0 4 |a 639.2809167 
100 1 |a McLaughlin, W. R. D.  |q (William R. D.) 
245 1 0 |a Call to the south :  |b a story of British whaling in Antarctica /  |c W. R. D. McLaughlin. 
260 |a London :  |b Harrap,  |c 1962. 
300 |a 188p. :  |b ill. 
650 0 |a Whaling  |z Antarctica. 
651 0 |a Antarctica. 
852 8 |b CARM  |h A2:AB31H0  |i B10689  |p 0507337  |f BK 
999 f f |i ca732356-ed7e-551c-9fe8-5a38aeb42952  |s fb5c38ce-6aba-57c0-8034-51ebe2d81bb1 
952 f f |p Can circulate  |a CAVAL  |b CAVAL  |c CAVAL  |d CARM 1 Store  |e B10689  |f A2:AB31H0  |h Other scheme  |i book  |m 0507337